[Event "Aegean op 45th"]
[Site "Aghios Kirykos"]
[Date "2022.07.10"]
[Round "2"]
[White "Callier, Christophe"]
[Black "Gazis, Efstathios"]
[Result "1/2-1/2"]
[WhiteElo "1967"]
[BlackElo "2160"]
[PlyCount "77"]
[EventDate "2022.07.09"]
[EventType "swiss"]
[EventRounds "9"]
[EventCountry "GRE"]
[SourceTitle "CBM 209 Extra"]
[Source "ChessBase"]
[SourceDate "2022.09.30"]
[SourceVersion "1"]
[SourceVersionDate "2022.09.30"]
[SourceQuality "1"]

1. e4 c6 2. d4 d5 3. f3 e6 4. Be3 Nf6 5. Nd2 Qb6 6. Rb1 c5 7. c3 Nc6 8. Bf2 Be7 9. a3 0-0 10. b4 cxd4 11. cxd4 Qd8 12. e5 Nd7 13. f4 f6 14. Ngf3 g5 15. g3 Kh8 16. exf6 Bxf6 17. fxg5 Bg7 18. Bd3 e5 19. b5 e4 20. bxc6 bxc6 21. Be2 exf3 22. Nxf3 Qa5+ 23. Kf1 Ba6 24. Kg2 Bxe2 25. Qxe2 Qxa3 26. Rb7 Qd6 27. Re1 Rf7 28. Qe6 Qxe6 29. Rxe6 Raf8 30. Rb3 Nb6 31. Rxc6 Nc4 32. Be1 Re8 33. Ne5 Nxe5 34. dxe5 Bxe5 35. Re3 d4 36. Re4 Rff8 37. Bf2 Bg7 38. Rxe8 Rxe8 39. Rd6 1/2-1/2

[Event "Titled Tuesday intern op 25th Jan"]
[Site "Chess.com INT"]
[Date "2022.01.25"]
[Round "4"]
[White "Agasarov, Benik"]
[Black "Gazis, Efstathios"]
[Result "1-0"]
[WhiteElo "2205"]
[BlackElo "2141"]
[PlyCount "67"]
[EventDate "2022.01.25"]
[EventType "swiss (blitz)"]
[EventRounds "11"]
[EventCountry "USA"]
[SourceTitle "CBM 206 Extra"]
[Source "ChessBase"]
[SourceDate "2022.03.31"]
[SourceVersion "1"]
[SourceVersionDate "2022.03.31"]
[SourceQuality "1"]

1. d4 e6 2. Nf3 Nf6 3. Bf4 c5 4. e3 b6 5. Nc3 a6 6. d5 Bb7 7. e4 exd5 8. e5 Nh5 9. Bg5 Be7 10. Bxe7 Qxe7 11. Nxd5 Bxd5 12. Qxd5 Nc6 13. 0-0-0 Nf4 14. Qe4 Ne6 15. Bd3 b5 16. Nh4 g6 17. c4 b4 18. Nf3 0-0-0 19. Bc2 Kc7 20. Ba4 Ncd4 21. Nxd4 Nxd4 22. Rxd4 cxd4 23. Qxd4 Kb7 24. Qd5+ Kb6 25. Rd1 Qc5 26. Qe4 d6 27. Rd5 Qc7 28. exd6 Qb8 29. c5+ Ka7 30. Bc6 Rhe8 31. Bxe8 Rxe8 32. Qd4 Qb5 33. c6+ Ka8 34. Rxb5 1-0

[Event "Titled Tuesday intern op 25th Jan"]
[Site "Chess.com INT"]
[Date "2022.01.25"]
[Round "3"]
[White "Gazis, Efstathios"]
[Black "Taichman, Ori"]
[Result "1-0"]
[WhiteElo "2141"]
[BlackElo "2293"]
[PlyCount "69"]
[EventDate "2022.01.25"]
[EventType "swiss (blitz)"]
[EventRounds "11"]
[EventCountry "USA"]
[SourceTitle "CBM 206 Extra"]
[Source "ChessBase"]
[SourceDate "2022.03.31"]
[SourceVersion "1"]
[SourceVersionDate "2022.03.31"]
[SourceQuality "1"]

1. d4 Nf6 2. c4 g6 3. Nc3 Bg7 4. e4 0-0 5. f4 c5 6. d5 d6 7. Nf3 e6 8. dxe6 fxe6 9. Bd3 Nc6 10. 0-0 Nd4 11. Nxd4 cxd4 12. Nb5 e5 13. fxe5 dxe5 14. c5 b6 15. b4 bxc5 16. bxc5 Nd7 17. Rxf8+ Qxf8 18. Ba3 Qf6 19. Qb3+ Kh8 20. Rf1 Qc6 21. Nd6 h6 22. Bb5 Qc7 23. Qf7 Qd8 24. Nxc8 Rxc8 25. Bxd7 Rc7 26. c6 Kh7 27. Be7 Qa8 28. Bf6 Qg8 29. Bxg7 Qxg7 30. Qe8 d3 31. Rf7 d2 32. Rxg7+ Kxg7 33. Qxe5+ Kh7 34. Qd6 Rxc6 35. Bxc6 1-0

[Event "Titled Tuesday intern op 14th Dec"]
[Site "Chess.com INT"]
[Date "2021.12.14"]
[Round "6"]
[White "Ferreira, Vitor Hugo Vieira"]
[Black "Gazis, Efstathios"]
[Result "1-0"]
[WhiteElo "2123"]
[BlackElo "2141"]
[PlyCount "90"]
[EventDate "2021.12.14"]
[EventType "swiss (blitz)"]
[EventRounds "11"]
[EventCountry "USA"]
[SourceTitle "EXT 2023"]
[Source "ChessBase"]
[SourceDate "2022.10.05"]
[SourceVersion "1"]
[SourceVersionDate "2022.10.05"]
[SourceQuality "1"]

1. a3 e6 2. h3 d5 3. e3 c5 4. d4 Nc6 5. Nf3 Nf6 6. Nbd2 Bd6 7. dxc5 Bxc5 8. b4 Bb6 9. Bb2 0-0 10. c4 Qe7 11. Qb3 a6 12. Bd3 Rd8 13. 0-0 e5 14. cxd5 Nxd5 15. Rfd1 Be6 16. Qc2 h6 17. Rac1 Bc7 18. Ne4 f5 19. Nc5 e4 20. Nxe6 exd3 21. Qb3 Qxe6 22. Rxd3 Qf7 23. Rcd1 Nf6 24. Qc2 Rxd3 25. Rxd3 Ne4 26. Qd1 Rd8 27. Nd4 Nxd4 28. Bxd4 Qd5 29. f3 Ng3 30. Qc2 Bb8 31. Rc3 f4 32. Rc8 fxe3 33. Bxe3 Kf7 34. Kf2 Rxc8 35. Qxc8 Be5 36. f4 Ne4+ 37. Ke2 Bf6 38. Qc7+ Kg6 39. g4 Nc3+ 40. Kf2 Nd1+ 41. Ke2 Nxe3 42. Kxe3 Bd4+ 43. Ke2 Qe4+ 44. Kd2 Qxf4+ 45. Qxf4 Be3+ 1-0

[Event "Titled Tuesday intern op 14th Dec"]
[Site "Chess.com INT"]
[Date "2021.12.14"]
[Round "4"]
[White "Gazis, Efstathios"]
[Black "Reprintsev, Alexander"]
[Result "1/2-1/2"]
[WhiteElo "2141"]
[BlackElo "2353"]
[PlyCount "168"]
[EventDate "2021.12.14"]
[EventType "swiss (blitz)"]
[EventRounds "11"]
[EventCountry "USA"]
[SourceTitle "EXT 2023"]
[Source "ChessBase"]
[SourceDate "2022.10.05"]
[SourceVersion "1"]
[SourceVersionDate "2022.10.05"]
[SourceQuality "1"]

1. e4 d5 2. exd5 Qxd5 3. Nf3 Bg4 4. Be2 Nc6 5. h3 Bxf3 6. Bxf3 Qe6+ 7. Qe2 Nd4 8. Qxe6 Nxf3+ 9. gxf3 fxe6 10. d3 g6 11. Nc3 Kd7 12. Ne4 Bg7 13. Ke2 b6 14. h4 Rf8 15. a4 a5 16. Rb1 Nh6 17. Bxh6 Bxh6 18. h5 Bf4 19. hxg6 hxg6 20. Rbg1 Rxh1 21. Rxh1 Rg8 22. Rh7 Be5 23. c3 c6 24. Ke3 b5 25. axb5 cxb5 26. d4 Bg7 27. Nc5+ Kd6 28. Nb7+ Kd5 29. Nxa5 Bf6 30. f4 Ra8 31. b4 Rc8 32. Kd3 Rf8 33. Rh2 Bg7 34. Rg2 Rxf4 35. Rxg6 Bf6 36. Ke3 Rh4 37. Rg8 Rh3+ 38. f3 Kd6 39. Rd8+ Kc7 40. Rg8 Rh1 41. Nb3 Re1+ 42. Kd2 Rf1 43. Ke2 Rb1 44. Nc5 e5 45. dxe5 Bxe5 46. Ne4 Bf4 47. Rf8 e5 48. Rf7+ Kc6 49. Rf6+ Kc7 50. Rg6 Rc1 51. Kd3 Rd1+ 52. Ke2 Rc1 53. Kd3 Rf1 54. Ke2 Rh1 55. Kd3 Rh3 56. Nc5 Kd8 57. Ke4 Ke7 58. Rb6 Rh1 59. Rxb5 Re1+ 60. Kf5 Re3 61. Ne4 Rxf3 62. Rb7+ Kd8 63. Ke6 Rh3 64. Nd6 Rh6+ 65. Kd5 Bg3 66. Nf7+ Kc8 67. Nxh6 Kxb7 68. Nf7 Be1 69. Kc4 e4 70. Nd6+ Kc6 71. Nxe4 Kb6 72. Nc5 Bd2 73. Nb3 Be1 74. Nd4 Bd2 75. Kb3 Be1 76. c4 Bf2 77. c5+ Kc7 78. Kc4 Kb7 79. b5 Kc7 80. b6+ Kb7 81. Ne6 Kc6 82. Nd4+ Kb7 83. Nb3 Ka6 84. Nd4 Kb7 1/2-1/2

[Event "Titled Tuesday intern op 14th Dec"]
[Site "Chess.com INT"]
[Date "2021.12.14"]
[Round "5"]
[White "Gazis, Efstathios"]
[Black "Shuvalov, Evgenij"]
[Result "1-0"]
[WhiteElo "2141"]
[BlackElo "2182"]
[PlyCount "83"]
[EventDate "2021.12.14"]
[EventType "swiss (blitz)"]
[EventRounds "11"]
[EventCountry "USA"]
[SourceTitle "EXT 2023"]
[Source "ChessBase"]
[SourceDate "2022.10.05"]
[SourceVersion "1"]
[SourceVersionDate "2022.10.05"]
[SourceQuality "1"]

1. e4 e6 2. d4 d5 3. Nc3 Bb4 4. exd5 exd5 5. Bd3 Nf6 6. Bg5 Be7 7. Nge2 Bg4 8. f3 Bh5 9. Qd2 Bg6 10. h4 Nbd7 11. g4 Bxd3 12. Qxd3 h6 13. Bf4 c6 14. Ng3 Nf8 15. Nf5 Ne6 16. Be5 Qd7 17. 0-0-0 0-0-0 18. h5 Rde8 19. Rde1 Rhg8 20. Kb1 Qd8 21. Na4 Nd7 22. Bg3 Nb6 23. Nxb6+ Qxb6 24. c3 Qd8 25. Qc2 Bf8 26. Re2 Rh8 27. Rhe1 Rg8 28. Bh4 Qd7 29. Bg3 Be7 30. Qa4 a6 31. Qb3 Qd8 32. Be5 g6 33. Nxh6 gxh5 34. Nxf7 Ref8 35. Nxd8 Bxd8 36. gxh5 Rxf3 37. Rh2 Ng5 38. Qd1 Rf7 39. Rg1 Re8 40. Rxg5 Bxg5 41. Qg4+ Rd7 42. Qxg5 1-0

[Event "Titled Tuesday intern op 30th Nov"]
[Site "Chess.com INT"]
[Date "2021.11.30"]
[Round "6"]
[White "Gazis, Efstathios"]
[Black "Cagara, Paulina"]
[Result "0-1"]
[WhiteElo "2141"]
[BlackElo "2045"]
[PlyCount "88"]
[EventDate "2021.11.30"]
[EventType "swiss (blitz)"]
[EventRounds "11"]
[EventCountry "USA"]
[SourceTitle "CBM 205 Extra"]
[Source "ChessBase"]
[SourceDate "2022.01.31"]
[SourceVersion "1"]
[SourceVersionDate "2022.01.31"]
[SourceQuality "1"]

1. e4 c6 2. d4 d5 3. exd5 cxd5 4. c4 Nf6 5. Nc3 Nc6 6. Bg5 dxc4 7. Bxc4 Qxd4 8. Qxd4 Nxd4 9. 0-0-0 e5 10. f4 Bg4 11. Nf3 Be7 12. fxe5 Nxf3 13. gxf3 Bxf3 14. exf6 Bxd1 15. fxe7 Bf3 16. Nd5 Bxd5 17. Bxd5 Rc8+ 18. Kb1 f6 19. Bf4 Kxe7 20. Bxb7 Rc4 21. Re1+ Kd7 22. Bg3 Re8 23. Rd1+ Ke7 24. Ba6 Re4 25. Bc4 Rxc4 26. b3 Re4 27. Bf2 Kf7 28. Bxa7 Re2 29. Bc5 Rxh2 30. a4 Rb8 31. b4 Rh5 32. Kc2 Ke6 33. Rd6+ Ke5 34. Rd7 Rh2+ 35. Kc3 Rc8 36. a5 g5 37. a6 Ra2 38. a7 g4 39. Rxh7 f5 40. Kb3 Ra6 41. b5 Ra1 42. Kb4 Rb1+ 43. Ka5 Rxc5 44. Kb6 Rcxb5+ 0-1

[Event "Titled Tuesday intern op 30th Nov"]
[Site "Chess.com INT"]
[Date "2021.11.30"]
[Round "10"]
[White "Gazis, Efstathios"]
[Black "Necula, Iulian"]
[Result "1-0"]
[WhiteElo "2141"]
[BlackElo "1890"]
[PlyCount "51"]
[EventDate "2021.11.30"]
[EventType "swiss (blitz)"]
[EventRounds "11"]
[EventCountry "USA"]
[SourceTitle "CBM 205 Extra"]
[Source "ChessBase"]
[SourceDate "2022.01.31"]
[SourceVersion "1"]
[SourceVersionDate "2022.01.31"]
[SourceQuality "1"]

1. d4 g6 2. e4 d6 3. Nc3 Bg7 4. Nf3 c6 5. h3 b5 6. e5 b4 7. Ne4 d5 8. Nc5 e6 9. Be2 Ne7 10. h4 h5 11. Bg5 Qc7 12. Qd2 Nd7 13. Qxb4 Nxc5 14. Qxc5 Nf5 15. Bd3 Bf8 16. Qc3 a5 17. Qd2 Rb8 18. c3 Qb6 19. Rb1 Nh6 20. Bf6 Rg8 21. 0-0 Ng4 22. Bg5 Ba6 23. b3 Bxd3 24. Qxd3 Qb5 25. c4 dxc4 26. bxc4 1-0

[Event "Titled Tuesday intern op 23rd Nov"]
[Site "Chess.com INT"]
[Date "2021.11.23"]
[Round "6"]
[White "Gazis, Efstathios"]
[Black "Khabinets, Ivan"]
[Result "0-1"]
[WhiteElo "2141"]
[BlackElo "1980"]
[PlyCount "72"]
[EventDate "2021.11.23"]
[EventType "swiss (blitz)"]
[EventRounds "11"]
[EventCountry "USA"]
[SourceTitle "CBM 205 Extra"]
[Source "ChessBase"]
[SourceDate "2022.01.31"]
[SourceVersion "1"]
[SourceVersionDate "2022.01.31"]
[SourceQuality "1"]

1. e4 e5 2. Nf3 Nc6 3. Bb5 a6 4. Ba4 Nf6 5. 0-0 Be7 6. Re1 b5 7. Bb3 d6 8. a4 Bg4 9. c3 0-0 10. d3 d5 11. axb5 axb5 12. Rxa8 Qxa8 13. exd5 Na5 14. Bc2 Qxd5 15. Nbd2 Bd6 16. h3 Bh5 17. b4 Nc6 18. Qe2 Bg6 19. Nh4 Qa2 20. Bb3 Qa1 21. Nxg6 hxg6 22. Ne4 Nxe4 23. Bb2 Nxc3 24. Bxa1 Nxe2+ 25. Rxe2 Nxb4 26. d4 exd4 27. Bxd4 c5 28. Bc3 c4 29. Bxb4 Bxb4 30. Bc2 Rd8 31. Re5 Rb8 32. Be4 Bf8 33. Bd5 Rc8 34. Re2 b4 35. Rc2 b3 36. Rxc4 b2 0-1

[Event "Titled Tuesday intern op 23rd Nov"]
[Site "Chess.com INT"]
[Date "2021.11.23"]
[Round "2"]
[White "Gazis, Efstathios"]
[Black "Lehtosaari, Mauri"]
[Result "0-1"]
[WhiteElo "2141"]
[BlackElo "2199"]
[PlyCount "68"]
[EventDate "2021.11.23"]
[EventType "swiss (blitz)"]
[EventRounds "11"]
[EventCountry "USA"]
[SourceTitle "CBM 205 Extra"]
[Source "ChessBase"]
[SourceDate "2022.01.31"]
[SourceVersion "1"]
[SourceVersionDate "2022.01.31"]
[SourceQuality "1"]

1. e4 c5 2. Nc3 e6 3. g3 Nf6 4. Bg2 Nc6 5. Nge2 d6 6. 0-0 Be7 7. d3 0-0 8. Be3 Rb8 9. h3 b5 10. a3 a5 11. a4 b4 12. Nb5 Bb7 13. f4 Ne8 14. c3 d5 15. e5 g6 16. d4 c4 17. g4 Ng7 18. Ng3 Bh4 19. Kh2 Ba6 20. Nd6 bxc3 21. bxc3 Rb2 22. Rf2 Qb6 23. f5 Rxf2 24. Bxf2 Nxe5 25. Rb1 Qa7 26. f6 Bxf6 27. dxe5 Qxf2 28. exf6 Ne8 29. Nxe8 Rxe8 30. Qf1 Qe3 31. Qe1 Qf4 32. Qf1 Qe5 33. Qf3 Bc8 34. h4 h6 0-1

[Event "Titled Tuesday intern op 23rd Nov"]
[Site "Chess.com INT"]
[Date "2021.11.23"]
[Round "11"]
[White "Gazis, Efstathios"]
[Black "Novikova, Galina"]
[Result "0-1"]
[WhiteElo "2141"]
[BlackElo "2073"]
[PlyCount "64"]
[EventDate "2021.11.23"]
[EventType "swiss (blitz)"]
[EventRounds "11"]
[EventCountry "USA"]
[SourceTitle "CBM 205 Extra"]
[Source "ChessBase"]
[SourceDate "2022.01.31"]
[SourceVersion "1"]
[SourceVersionDate "2022.01.31"]
[SourceQuality "1"]

1. e4 e6 2. d4 d5 3. Nc3 Bb4 4. exd5 exd5 5. Bd3 Nf6 6. Nge2 0-0 7. 0-0 Bg4 8. Bg5 c6 9. f3 Bh5 10. Qd2 Nbd7 11. a3 Bd6 12. Nf4 Bg6 13. Nxg6 hxg6 14. Rfe1 Qc7 15. g3 Rfe8 16. Kg2 Nh5 17. f4 Nhf6 18. Re5 Bxe5 19. fxe5 Nxe5 20. dxe5 Qxe5 21. Bf4 Qe7 22. Ne2 Nh5 23. c3 Rad8 24. Nd4 c5 25. Nf3 d4 26. c4 Nxf4+ 27. Qxf4 Qe3 28. Rd1 Qxf4 29. gxf4 Re3 30. Kf2 Rde8 31. h4 f6 32. Rd2 Kf7 0-1

[Event "Titled Tuesday intern op 23rd Nov"]
[Site "Chess.com INT"]
[Date "2021.11.23"]
[Round "4"]
[White "Kokoszczynski, Jan"]
[Black "Gazis, Efstathios"]
[Result "0-1"]
[WhiteElo "2277"]
[BlackElo "2141"]
[PlyCount "90"]
[EventDate "2021.11.23"]
[EventType "swiss (blitz)"]
[EventRounds "11"]
[EventCountry "USA"]
[SourceTitle "CBM 205 Extra"]
[Source "ChessBase"]
[SourceDate "2022.01.31"]
[SourceVersion "1"]
[SourceVersionDate "2022.01.31"]
[SourceQuality "1"]

1. c4 g6 2. Nc3 Bg7 3. d4 d6 4. Nf3 Bg4 5. g3 Bxf3 6. exf3 Nc6 7. Be3 e5 8. d5 Nd4 9. Bg2 Ne7 10. 0-0 c5 11. dxc6 bxc6 12. f4 Rb8 13. fxe5 dxe5 14. b3 0-0 15. Qd2 Nef5 16. Rad1 Nxe3 17. Qxe3 Qc7 18. Rd2 f5 19. Rfd1 f4 20. Qe1 f3 21. Bh3 Kh8 22. Ne4 Qe7 23. Qe3 c5 24. Nc3 Rfe8 25. Nd5 Qf8 26. Re1 Bh6 27. Qd3 Bxd2 28. Qxd2 e4 29. Qg5 Rb7 30. Nf6 Qe7 31. Rxe4 Qxe4 32. Nxe4 Rxe4 33. Qd8+ Kg7 34. Bf1 Re1 35. h4 Ne2+ 36. Kh2 Rxf1 37. Qd5 Rxf2+ 38. Kh3 Ng1+ 39. Kg4 h5+ 40. Kf4 Re7 41. Qd7 Rxd7 42. Ke5 Re2+ 43. Kf4 f2 44. Kg5 f1Q 45. g4 Re5# 0-1

[Event "Titled Tuesday intern op 09th Nov"]
[Site "Chess.com INT"]
[Date "2021.11.09"]
[Round "3"]
[White "Gazis, Efstathios"]
[Black "Colbow, Collin"]
[Result "0-1"]
[WhiteElo "2141"]
[BlackElo "2322"]
[PlyCount "59"]
[EventDate "2021.11.09"]
[EventType "swiss (blitz)"]
[EventRounds "11"]
[EventCountry "USA"]
[SourceTitle "CBM 205 Extra"]
[Source "ChessBase"]
[SourceDate "2022.01.31"]
[SourceVersion "1"]
[SourceVersionDate "2022.01.31"]
[SourceQuality "1"]

1. e4 c5 2. Nf3 d6 3. d4 cxd4 4. Nxd4 Nf6 5. Nc3 Nc6 6. Bg5 e6 7. Qd3 a6 8. Be2 Bd7 9. 0-0-0 Be7 10. f4 Qa5 11. a3 h6 12. Bh4 g5 13. fxg5 hxg5 14. Bg3 Ne5 15. Bxe5 Qxe5 16. Nf3 Qf4+ 17. Kb1 g4 18. g3 Qh6 19. Nd2 b5 20. e5 dxe5 21. Nde4 Rd8 22. Nd6+ Kf8 23. Nb7 Rb8 24. Nd6 Kg7 25. Rhf1 Bc6 26. Nce4 Rbd8 27. Qc3 Bxe4 28. Nxe4 Nxe4 29. Qxe5+ Nf6 30. Bxg4 0-1

[Event "Titled Tuesday intern op 09th Nov"]
[Site "Chess.com INT"]
[Date "2021.11.09"]
[Round "8"]
[White "Sadykov, Ramil"]
[Black "Gazis, Efstathios"]
[Result "1-0"]
[WhiteElo "2345"]
[BlackElo "2141"]
[PlyCount "39"]
[EventDate "2021.11.09"]
[EventType "swiss (blitz)"]
[EventRounds "11"]
[EventCountry "USA"]
[SourceTitle "CBM 205 Extra"]
[Source "ChessBase"]
[SourceDate "2022.01.31"]
[SourceVersion "1"]
[SourceVersionDate "2022.01.31"]
[SourceQuality "1"]

1. e4 e6 2. d3 d5 3. Nd2 Nf6 4. g3 Nc6 5. Bg2 Bc5 6. Ngf3 dxe4 7. dxe4 e5 8. 0-0 a5 9. c3 b6 10. Qa4 Qd7 11. Nc4 Ba6 12. Rd1 b5 13. Rxd7 bxa4 14. Rxc7 Bxc4 15. Rxc6 Nd7 16. Nxe5 Bb5 17. Nxd7 Bxf2+ 18. Kxf2 Kxd7 19. Rc5 Bc4 20. Rxc4 1-0

[Event "Titled Tuesday intern op 26th Oct"]
[Site "Chess.com INT"]
[Date "2021.10.26"]
[Round "7"]
[White "Gazis, Efstathios"]
[Black "Melikhov, Evgeny V"]
[Result "1-0"]
[WhiteElo "2141"]
[BlackElo "2292"]
[PlyCount "131"]
[EventDate "2021.10.26"]
[EventType "swiss (blitz)"]
[EventRounds "11"]
[EventCountry "USA"]
[SourceTitle "CBM 204 Extra"]
[Source "ChessBase"]
[SourceDate "2021.11.30"]
[SourceVersion "1"]
[SourceVersionDate "2021.11.30"]
[SourceQuality "1"]

1. e4 c5 2. Nf3 d6 3. d4 cxd4 4. Nxd4 Nf6 5. Nc3 a6 6. Bg5 e6 7. f4 Nbd7 8. Qf3 Qc7 9. 0-0-0 b5 10. a3 Bb7 11. Be2 0-0-0 12. Qe3 Kb8 13. Bh4 Rc8 14. Bf2 Nc5 15. Bf3 d5 16. e5 Nfe4 17. Bxe4 Nxe4 18. Ndxb5 Qc5 19. Qxc5 Nxc5 20. Nd4 Be7 21. Be3 Rc7 22. b4 Nb3+ 23. Nxb3 Rxc3 24. Bd4 Rc4 25. c3 Rhc8 26. Kb2 g6 27. Na5 R4c6 28. Nxc6+ Bxc6 29. g4 Ba4 30. Rdf1 Bb5 31. Rf2 Bd3 32. h4 h5 33. gxh5 gxh5 34. Rg1 Bg6 35. Rh2 Kb7 36. Bf2 Kc6 37. Rd1 Kb5 38. Kb3 Rc7 39. a4+ Kc6 40. Rd4 Rb7 41. Bg3 a5 42. b5+ Kc7 43. Rhd2 Bc5 44. c4 Bxd4 45. Rxd4 dxc4+ 46. Rxc4+ Kd7 47. Rd4+ Ke7 48. Be1 Bf5 49. Bxa5 Bg4 50. Bb4+ Ke8 51. Rc4 Bf3 52. Rc8+ Kd7 53. Rf8 Bd5+ 54. Ka3 Kc7 55. Rxf7+ Kb6 56. Rxb7+ Kxb7 57. a5 Bc4 58. Ka4 Be2 59. Bc5 Bd1+ 60. Kb4 Be2 61. a6+ Kc7 62. Ka5 Kb8 63. Bd6+ Ka7 64. b6+ Ka8 65. b7+ Ka7 66. b8Q# 1-0

[Event "Aegean op 44th"]
[Site "Aghios Kirykos"]
[Date "2021.07.15"]
[Round "7"]
[White "Gazis, Efstathios"]
[Black "Alexakis, Dimitris"]
[Result "1/2-1/2"]
[WhiteElo "2146"]
[BlackElo "2450"]
[PlyCount "120"]
[EventDate "2021.07.10"]
[EventType "swiss"]
[EventRounds "9"]
[EventCountry "GRE"]
[SourceTitle "CBM 203 Extra"]
[Source "ChessBase"]
[SourceDate "2021.09.30"]
[SourceVersion "1"]
[SourceVersionDate "2021.09.30"]
[SourceQuality "1"]

1. d4 Nf6 2. c4 e6 3. Nc3 Bb4 4. f3 c5 5. d5 b5 6. e4 bxc4 7. Bxc4 Nxd5 8. Bxd5 exd5 9. Qxd5 Nc6 10. Nh3 Ba6 11. Bf4 0-0 12. Kf2 Ba5 13. Rhd1 Nb4 14. Qd6 Bb6 15. Kg1 Nd3 16. Na4 c4+ 17. Kh1 Bb5 18. Nxb6 Qxb6 19. b3 Rfc8 20. bxc4 Qxd6 21. Bxd6 Bxc4 22. Rd2 Rc6 23. Bg3 Rac8 24. Rad1 f5 25. Nf2 fxe4 26. fxe4 Nc5 27. Bd6 Be6 28. h3 Na4 29. a3 Nc3 30. Re1 a5 31. Be5 Nb5 32. Re3 d6 33. Bb2 Rc2 34. Ree2 Rxd2 35. Rxd2 Rc4 36. Kh2 Kf7 37. Kg3 g5 38. Kf3 Ke7 39. g3 h6 40. g4 Kf7 41. Nd1 Bd7 42. Ne3 Ra4 43. Nd5 Bc6 44. Rd3 Ke6 45. Ke3 Bb7 46. Kf3 Kf7 47. Ke3 Rc4 48. Rb3 Bc6 49. Kd3 Rc5 50. Nc3 Nc7 51. a4 Ke7 52. Ba3 Re5 53. Rb6 Kd7 54. Rb8 Ne8 55. Rb2 Ng7 56. Rf2 Ke7 57. Bb2 Rc5 58. Ba3 Re5 59. Bb2 Rc5 60. Ba3 Re5 1/2-1/2

[Event "Ef Agonizesthai rapid op 9th"]
[Site "Pyrgos"]
[Date "2019.08.16"]
[Round "2.4"]
[White "Stefanou, Dimitrios"]
[Black "Gazis, Efstathios"]
[Result "1/2-1/2"]
[WhiteElo "1662"]
[BlackElo "2177"]
[PlyCount "109"]
[EventDate "2019.08.16"]
[EventType "swiss (rapid)"]
[EventRounds "9"]
[EventCountry "GRE"]
[SourceTitle "EXT 2020"]
[Source "ChessBase"]
[SourceDate "2019.10.17"]
[SourceVersion "1"]
[SourceVersionDate "2019.10.17"]
[SourceQuality "1"]

1. Nf3 Nf6 2. g3 b6 3. Bg2 Bb7 4. 0-0 c5 5. c4 g6 6. Nc3 Bg7 7. b3 0-0 8. Bb2 d6 9. d4 cxd4 10. Nxd4 Bxg2 11. Kxg2 Qc8 12. Nf3 Nbd7 13. Rc1 Qb7 14. Kg1 Rac8 15. Qd2 Rc5 16. Rfd1 Rfc8 17. Qe3 Ne5 18. Nd4 Neg4 19. Qf3 Qxf3 20. exf3 Ne5 21. f4 Ned7 22. Nf3 Kf8 23. Kg2 R5c7 24. Ba3 a6 25. Re1 Nc5 26. Rcd1 Ne6 27. Ng5 Nc5 28. Nf3 Rb7 29. Nd5 b5 30. Nxf6 Bxf6 31. cxb5 axb5 32. Ng5 h6 33. Nh7+ Kg7 34. Nxf6 exf6 35. Rxd6 Ne6 36. Re2 Ra8 37. Bb2 b4 38. Ba1 Ra5 39. Kf3 Rba7 40. Rdd2 h5 41. Bd4 Nxd4+ 42. Rxd4 Rb7 43. Rc2 f5 44. Rcc4 Rab5 45. Rd2 R5b6 46. h4 Kh6 47. Rd8 Ra7 48. Rdd4 Rab7 49. Rd2 Kg7 50. Rcc2 Kf6 51. Rc4 Re6 52. Re2 Ra6 53. Rd2 Rab6 54. Rcd4 Kg7 55. Rc4 1/2-1/2

[Event "GRE-chT 47th"]
[Site "Patras"]
[Date "2019.07.05"]
[Round "5.4"]
[White "Kalogeris, Ioannis"]
[Black "Gazis, Efstathios"]
[Result "1-0"]
[WhiteElo "2376"]
[BlackElo "2177"]
[PlyCount "91"]
[EventDate "2019.07.02"]
[EventType "team-swiss"]
[EventRounds "7"]
[EventCountry "GRE"]
[SourceTitle "CBM 191 Extra"]
[Source "ChessBase"]
[SourceDate "2019.09.30"]
[SourceVersion "1"]
[SourceVersionDate "2019.09.30"]
[SourceQuality "1"]
[WhiteTeam "Thessaloniki"]
[BlackTeam "Heraklion Contact"]
[WhiteTeamCountry "GRE"]
[BlackTeamCountry "GRE"]

1. d4 e6 2. c4 Nf6 3. Nc3 Bb4 4. Qc2 c5 5. dxc5 Bxc5 6. Nf3 b6 7. Bg5 Bb7 8. e3 Nc6 9. a3 Rc8 10. Rd1 Be7 11. e4 h6 12. Bh4 Nh5 13. Bxe7 Qxe7 14. Qd2 0-0 15. Qxd7 Rfd8 16. Qxe7 Nxe7 17. Rxd8+ Rxd8 18. Ne5 f5 19. exf5 Nxf5 20. f3 Ne3 21. g3 Nf6 22. Bh3 Nf5 23. Ke2 Nd4+ 24. Kf2 Nd7 25. Nxd7 Bxf3 26. Bxe6+ Nxe6 27. Kxf3 Rxd7 28. Nd5 b5 29. b3 Nd4+ 30. Ke4 Nxb3 31. cxb5 Nd2+ 32. Kd4 Nb3+ 33. Ke5 Nd2 34. Ke6 Rb7 35. a4 Nb3 36. Kd6 Kh7 37. Re1 Nd4 38. Re4 Nf3 39. Re7 Rb8 40. Rxa7 Nxh2 41. b6 Nf1 42. Nf6+ Kg6 43. Nd7 Rg8 44. b7 Nxg3 45. Ra8 Ne4+ 46. Kc7 1-0